000 00690cam a2200229 i 4500
001 3193575
005 20180212032922.0
008 771018s1978 mdu b 001 0 eng
010 _a 77016596
020 _a0801820138 :
_c$13.50.
_a0801820146
_c$3.50
040 _aDLC
_cDLC
_dDLC
041 _aeng
043 _ad------
080 _a362.82 rob
082 0 0 _a362.82 rob
100 1 _a9
101 _anut
245 1 0 _aExperiments in family planning :
_cRoberto Cuca and Catherine S. Pierce ; foreword by Bernard Berelson.
504 _aBibliography: p. 247-257.
906 _a7
_bcbc
_corignew
_d1
_eocip
_f19
_gy-gencatlg
942 _2ddc
_cBK
999 _c42286
_d42286